| 000 | 00440nam a2200157Ia 4500 | ||
|---|---|---|---|
| 008 | 160316s1989 xxu||||| |||| 00| 0 eng d | ||
| 082 |
_a342.730200 _bROT |
||
| 100 | _aRotunda Ronald D | ||
| 245 | _aModern constitutional law : Cases and notes | ||
| 250 | _a2nd | ||
| 260 |
_aSt. Paul. Minn _bWest Publishing Co. _c1989 |
||
| 300 |
_a1085p _b20 cm _cliii |
||
| 365 | _bGratis | ||
| 650 | _a1.Consitutional Law - Cases - U S A | ||
| 700 |
_a _a |
||
| 999 |
_c7343 _d7343 |
||